[Event "POL-chT2"]
[Site "Jastrzebia Gora POL"]
[Date "2016.09.??"]
[Round "9.24"]
[White "Lach, Aleksandra"]
[Black "Zmarzly, Aleksandra"]
[Result "1/2-1/2"]
[WhiteElo "2163"]
[BlackElo "1973"]
[EventDate "2016.09.05"]

1.e4 c5 2.Nf3 d6 3.d4 cxd4 4.Nxd4 Nf6 5.Nc3 a6 6.Bg5 e6 7.f4 h6 8.Bh4 Nbd7
9.Qf3 Qc7 10.O-O-O Be7 11.Bd3 g5 12.fxg5 Ne5 13.Qe2 Nfg4 14.Nf3 Nxf3 15.
Qxf3 hxg5 16.Bg3 Ne5 17.Bxe5 dxe5 18.Rdf1 Rh7 19.h4 gxh4 20.Qg4 Rh8 21.Qg7
Rf8 22.Be2 Bd7 23.Bh5 O-O-O 24.Bxf7 Kb8 25.Qg6 Qc4 26.Qh5 Qc7 27.Qg6 Qc4 
28.Qh5 Qc7 29.Qg6 1/2-1/2

[Event "POL-chT2"]
[Site "Jastrzebia Gora POL"]
[Date "2016.09.??"]
[Round "9.25"]
[White "Cyborowski, Lukasz"]
[Black "Kolago, Marcin"]
[Result "1-0"]
[WhiteElo "2530"]
[BlackElo "2328"]
[EventDate "2016.09.05"]

1.d4 d6 2.e4 Nf6 3.Nc3 g6 4.f4 Bg7 5.Bd3 O-O 6.Nf3 c5 7.dxc5 dxc5 8.e5 Nd5
9.Nxd5 Qxd5 10.Qe2 Bf5 11.Bxf5 gxf5 12.O-O Na6 13.Rd1 Qc6 14.Be3 Rfd8 15.
c4 e6 16.Bf2 Bh6 17.Bh4 Rxd1+ 18.Rxd1 Bxf4 19.Ng5 Bxg5 20.Bxg5 Qe4 21.Qxe4
fxe4 22.a3 Nc7 23.Rd7 Rc8 24.Kf2 Na6 25.Rxb7 Nb8 26.Bf6 Nc6 27.b3 a5 28.a4
Rb8 29.Rb5 Ra8 30.Ke3 Nd4 31.Rb7 Rc8 32.Kxe4 h6 33.g4 Kf8 34.h3 Nc6 35.h4 
Kg8 36.Ke3 Kf8 37.Kf4 Kg8 38.Ke4 Kf8 39.h5 Kg8 40.Bh4 Kg7 41.Kf4 Kg8 42.
Ke4 Kg7 43.Rb6 Rc7 44.Rb5 Nd4 45.Bf6+ 1-0

[Event "POL-chT2"]
[Site "Jastrzebia Gora POL"]
[Date "2016.09.??"]
[Round "9.26"]
[White "Wiewiora, Eneasz"]
[Black "Nurkiewicz, Maciej"]
[Result "1-0"]
[WhiteElo "2253"]
[BlackElo "2373"]
[EventDate "2016.09.05"]

1.d4 Nf6 2.c4 c5 3.d5 b5 4.cxb5 a6 5.b6 d6 6.Nc3 Nbd7 7.a4 a5 8.e4 g6 9.
Nf3 Bg7 10.Be2 O-O 11.O-O Nxb6 12.Qc2 Ne8 13.Bg5 Nc7 14.Ra3 Na6 15.Qd2 Nb4
16.Bh6 Ba6 17.Bxg7 Kxg7 18.Nb5 Qd7 19.b3 h6 20.Rc1 f5 21.Nfd4 fxe4 22.Ne6+
Kh7 23.Rc3 Rf5 24.Rh3 h5 25.Nbc7 Bxe2 26.Nxa8 N6xd5 27.Ng5+ Kg7 28.Nxe4 
Ba6 29.Ng3 Rf6 30.Qg5 Nf4 31.Nxh5+ Nxh5 32.Rxh5 Bb7 33.Qh6+ Kf7 34.Qh7+ 
Kf8 35.Qh8+ Kf7 36.Qh7+ Kf8 37.Qh8+ Kf7 38.Rh7+ Ke6 39.Ra1 Nd3 40.Rd1 Qc6 
41.Nc7+ Kf5 42.f3 c4 43.Rh5+ gxh5 44.Qxh5+ Kf4 45.Qh4+ Ke3 46.Qg5+ Rf4 47.
Qxe7+ Kd4 48.Nb5+ Kd5 49.bxc4+ Kxc4 50.Qxd6 Qc5+ 51.Qxc5+ Nxc5 52.Nd6+ Kc3
53.Rc1+ Kd4 54.Rc4+ Ke5 55.Nf7+ Rxf7 56.Rxc5+ Kf4 57.Kf2 Bxf3 58.gxf3 Rh7 
59.h4 Rb7 60.Rc4+ Kf5 61.Kg3 Rg7+ 62.Rg4 Ra7 63.Rg5+ Kf6 64.Kg4 Ra8 65.f4 
Ra7 66.h5 1-0

[Event "POL-chT2"]
[Site "Jastrzebia Gora POL"]
[Date "2016.09.??"]
[Round "9.27"]
[White "Szymanski, Marcin"]
[Black "Mulet, Piotr"]
[Result "1/2-1/2"]
[WhiteElo "2398"]
[BlackElo "2234"]
[EventDate "2016.09.05"]

1.d4 Nf6 2.c4 g6 3.Nc3 d5 4.cxd5 Nxd5 5.Bd2 Nb6 6.Bg5 Bg7 7.e3 O-O 8.Nf3 
h6 9.Bh4 Be6 10.Be2 Nc4 11.O-O c6 12.Qc2 Nd7 13.Rad1 Ncb6 14.e4 Re8 15.
Rfe1 Rc8 16.h3 Bc4 17.Bxc4 Nxc4 18.e5 Nf8 19.Ne4 Qd5 20.b3 Na3 21.Qc1 Nb5 
22.a4 Nc7 23.Qc4 Nfe6 24.Qb4 a5 25.Qa3 g5 26.Bg3 Rcd8 27.Nc3 Qd7 28.b4 b6 
29.bxa5 bxa5 30.Ne4 Rb8 31.Qc3 Rb4 32.Rc1 Nxd4 33.Nxd4 Rxd4 34.Qxa5 Ne6 
35.Nc5 Qd5 36.Qb6 Nf4 37.Bxf4 gxf4 38.e6 f3 39.exf7+ Kxf7 40.Ne6 Rg8 41.
Nc7 Be5 42.Nxd5 Rxg2+ 43.Kf1 Rh2 44.Kg1 Rg2+ 45.Kf1 Rh2 46.Kg1 Rg4+ 47.
hxg4 Rg2+ 48.Kf1 Rh2 49.Kg1 Rg2+ 50.Kf1 Bh2 1/2-1/2

[Event "POL-chT2"]
[Site "Jastrzebia Gora POL"]
[Date "2016.09.??"]
[Round "9.28"]
[White "Raszka, Janusz"]
[Black "Protaziuk, Grzegorz"]
[Result "1/2-1/2"]
[WhiteElo "2119"]
[BlackElo "2349"]
[EventDate "2016.09.05"]

1.e4 c5 2.Nf3 e6 3.d4 cxd4 4.Nxd4 a6 5.Nc3 b5 6.Bd3 Qc7 7.O-O Nf6 8.Bg5 
Be7 9.Bh4 d6 10.a3 Nbd7 11.Kh1 Bb7 12.f4 Nc5 13.Qe2 Nfxe4 14.Bxe4 Nxe4 15.
Nxe4 Bxh4 16.Nxd6+ Qxd6 17.Nf5 Qd8 18.Rad1 Bd5 19.Nxh4 O-O 20.Nf3 Qc7 21.
Qd2 Rac8 22.c3 Bb3 23.Rc1 Rfd8 24.Qe3 Qb7 25.Nd4 Bd5 26.Rf2 g6 27.Re1 a5 
28.f5 exf5 29.Nxf5 Be6 30.Nd4 Bc4 31.Qg5 Re8 32.Re5 Rxe5 33.Qxe5 Qd7 34.h3
Re8 35.Qf4 Re1+ 36.Kh2 Qe8 37.Rd2 Re4 38.Qc7 a4 39.Nf5 gxf5 40.Rd8 Kg7 41.
Rxe8 Rxe8 42.Qg3+ Kf6 43.Qh4+ Kg6 44.Qg3+ Kf6 45.Qh4+ Kg6 46.Qg3+ Kf6 47.
Qh4+ 1/2-1/2

[Event "POL-chT2"]
[Site "Jastrzebia Gora POL"]
[Date "2016.09.??"]
[Round "9.29"]
[White "Sliwerski, Radoslaw"]
[Black "Sapeta, Robert"]
[Result "1/2-1/2"]
[WhiteElo "2135"]
[BlackElo "2082"]
[EventDate "2016.09.05"]

1.d4 Nf6 2.Nf3 d6 3.g3 g6 4.Bg2 Bg7 5.c4 O-O 6.O-O Nc6 7.Nc3 Bg4 8.h3 Bxf3
9.Bxf3 Qd7 10.Bg2 e5 11.dxe5 Nxe5 12.b3 Rfe8 13.Be3 a6 14.Qd2 Rab8 15.a4 
Nc6 16.Rac1 Na5 17.Qa2 c5 18.Rfd1 Rxe3 19.fxe3 Qe6 20.Rd3 Qe5 21.e4 Nh5 
22.Kf2 Nxg3 23.Rcd1 Qf4+ 24.Rf3 Qh4 25.Kg1 Bd4+ 26.Rxd4 cxd4 27.Nd5 Nxe4 
28.Rf4 Qe1+ 29.Rf1 Qd2 30.Qxd2 Nxd2 31.Rf4 Naxb3 32.Nf6+ Kg7 33.Bd5 Nc5 
34.Nd7 Nxd7 35.Rxf7+ Kh6 36.Rxd7 b5 37.cxb5 axb5 38.a5 b4 39.a6 b3 40.a7 
Rc8 41.a8=Q Rxa8 42.Bxa8 d3 43.Bd5 b2 44.Ba2 dxe2 45.Kf2 b1=Q 46.Bxb1 Nxb1
47.Kxe2 Nc3+ 48.Kf3 d5 49.Rc7 Ne4 50.Kf4 Ng5 51.Rc3 Kh5 52.Rg3 h6 53.Ke3 
Kh4 54.Rg1 d4+ 55.Kd3 Nxh3 56.Ra1 g5 57.Kxd4 g4 58.Ke4 h5 59.Ra5 Ng1 60.
Kf4 Ne2+ 61.Ke3 Ng3 62.Kf2 Ne4+ 63.Kg2 Ng5 64.Rb5 Nh3 65.Rf5 Ng5 66.Rf4 
Ne6 67.Rf5 Nd4 68.Rf4 Nc2 69.Re4 Na3 70.Re5 Nc4 71.Re4 Nb2 72.Rd4 Kg5 73.
Rd5+ Kh4 74.Rd4 Kg5 75.Rd5+ Kh4 76.Rd4 Kg5 77.Rd5+ Kh4 78.Rd4 1/2-1/2

[Event "POL-chT2"]
[Site "Jastrzebia Gora POL"]
[Date "2016.09.??"]
[Round "9.30"]
[White "Mareckova, Martina"]
[Black "Bartel, Marta"]
[Result "1-0"]
[WhiteElo "2137"]
[BlackElo "2330"]
[EventDate "2016.09.05"]

1.e4 c5 2.Nc3 e6 3.g3 Nc6 4.Bg2 Nf6 5.d3 Be7 6.f4 d5 7.e5 Nd7 8.Nf3 b5 9.
O-O b4 10.Ne2 O-O 11.c4 bxc3 12.bxc3 Ba6 13.Qc2 Rb8 14.Bd2 Qc7 15.Rab1 Rb6
16.Rfc1 Rfb8 17.h4 Qb7 18.Rxb6 Qxb6 19.Ne1 f5 20.Bf3 c4+ 21.d4 Ba3 22.Rd1 
Qa5 23.Rb1 Bb5 24.Bc1 Bxc1 25.Qxc1 Rb6 26.Nc2 Ba4 27.Ne3 g6 28.Rxb6 axb6 
29.Qa3 Nd8 30.Qe7 Qa8 31.Nxc4 Bb5 32.Qe8+ Kg7 33.Nd6 Bc6 34.Qe7+ Kg8 35.h5
gxh5 36.Bxh5 Nf8 37.Qg5+ Ng6 38.Bxg6 hxg6 39.Qxg6+ Kf8 40.Qf6+ Kg8 41.g4 
fxg4 42.Ng3 1-0